000
00203 a2200097 4500
001
17987
100
_a
Esser, M
245
_a
Differential equations
260
_a
_b
Saunders Co
_c
090
_c
13291
_d
13291
942
_a
NUST-CAE
_c
M
_c
3660
999
_c
253060
_d
253060